[Event "USA-ch Seniors playoff"]
[Site "Saint Louis"]
[Date "2022.07.16"]
[Round "5"]
[White "Christiansen, Larry Mark"]
[Black "Shabalov, Alexander"]
[Result "0-1"]
[WhiteElo "2577"]
[BlackElo "2510"]
[PlyCount "116"]
[EventDate "2022.07.16"]
[EventType "tourn (rapid)"]
[EventRounds "5"]
[EventCountry "USA"]
[EventCategory "11"]
[SourceTitle "CBM 209 Extra"]
[Source "ChessBase"]
[SourceDate "2022.09.30"]
[SourceVersion "1"]
[SourceVersionDate "2022.09.30"]
[SourceQuality "1"]

1. c4 c5 2. Nf3 Nc6 3. d4 cxd4 4. Nxd4 Nf6 5. Nc3 e6 6. g3 Bc5 7. Nb3 Be7 8. Bg2 0-0 9. 0-0 b6 10. e4 Ba6 11. Nd2 Rc8 12. Re1 Ne5 13. b3 Bb4 14. Qc2 b5 15. a3 Be7 16. Nf3 Nxf3+ 17. Bxf3 bxc4 18. b4 Bb7 19. Bf4 d6 20. Rad1 Qb6 21. Be3 Qa6 22. a4 Nd7 23. b5 Qa5 24. Bd2 Ne5 25. Be2 Qc7 26. Be3 Ba8 27. Bf4 f5 28. Bxe5 dxe5 29. Bf1 f4 30. Bh3 Rf6 31. f3 fxg3 32. hxg3 Rcf8 33. Rf1 Rg6 34. Kg2 Bh4 35. Ne2 Bg5 36. Bg4 h6 37. a5 Be3 38. Qc3 Qc5 39. Bh3 Rgf6 40. Bg4 g6 41. Kh2 h5 42. Bh3 Kg7 43. Bg2 g5 44. Rd7+ Kg6 45. b6 axb6 46. axb6 Bc6 47. Rc7 Bd4 48. Rxc6 Qxc6 49. Nxd4 exd4 50. Qxd4 h4 51. e5 hxg3+ 52. Kxg3 Rf4 53. Qe3 Rb8 54. Rb1 c3 55. Qd3+ Kg7 56. Rh1 Rf5 57. Rc1 Qa4 58. Qxc3 Qh4# 0-1

[Event "USA-ch Seniors"]
[Site "Saint Louis"]
[Date "2022.07.16"]
[Round "9"]
[White "Gurevich, Dmitry"]
[Black "Christiansen, Larry Mark"]
[Result "1/2-1/2"]
[WhiteElo "2351"]
[BlackElo "2577"]
[PlyCount "146"]
[EventDate "2022.07.07"]
[EventType "tourn"]
[EventRounds "9"]
[EventCountry "USA"]
[EventCategory "11"]
[SourceTitle "CBM 209 Extra"]
[Source "ChessBase"]
[SourceDate "2022.09.30"]
[SourceVersion "1"]
[SourceVersionDate "2022.09.30"]
[SourceQuality "1"]

1. d4 Nf6 2. c4 e6 3. Nf3 b6 4. g3 Bb7 5. Bg2 Bb4+ 6. Bd2 a5 7. 0-0 0-0 8. Bg5 Be7 9. Qc2 Be4 10. Qd2 d5 11. Nc3 Nbd7 12. cxd5 exd5 13. Nxe4 Nxe4 14. Bxe7 Qxe7 15. Qf4 c5 16. dxc5 bxc5 17. Rfd1 Ndf6 18. g4 h6 19. h4 Rad8 20. e3 Rfe8 21. Rac1 Qe6 22. Nh2 c4 23. g5 hxg5 24. hxg5 Nh7 25. Bxe4 dxe4 26. Rxd8 Rxd8 27. Qc7 Rd5 28. Rxc4 Rxg5+ 29. Kh1 Nf8 30. Rc1 Qxa2 31. Rg1 Rxg1+ 32. Kxg1 a4 33. Qc3 Qd5 34. Nf1 Ne6 35. Ng3 Kh7 36. Qc2 Nc5 37. Kg2 g6 38. Qc3 Kg8 39. Qa5 Qe5 40. Qb5 Kg7 41. Qc4 f5 42. Ne2 Nd3 43. Qxa4 Qxb2 44. Qd4+ Qxd4 45. Nxd4 Kf6 46. Kg3 Ne1 47. Nc6 Nf3 48. Nb4 g5 49. Nd5+ Ke6 50. Nc3 Ke5 51. Ne2 Kd5 52. Nc3+ Kc4 53. Na4 Kb5 54. Nc3+ Kc6 55. Ne2 Kc5 56. Nc3 Ng1 57. Kg2 Nf3 58. Kg3 Ne1 59. Ne2 Nc2 60. Kg2 Kd5 61. Kh3 Ke6 62. Kg2 Ne1+ 63. Kg3 Ke5 64. Nd4 f4+ 65. Kg4 Nd3 66. Nc6+ Kd5 67. exf4 Nxf2+ 68. Kg3 Nh1+ 69. Kg4 e3 70. fxg5 e2 71. Nb4+ Ke4 72. Nc2 Nf2+ 73. Kg3 Kf5 1/2-1/2

[Event "USA-ch Seniors playoff"]
[Site "Saint Louis"]
[Date "2021.07.26"]
[Round "2"]
[White "Christiansen, Larry Mark"]
[Black "Kaidanov, Gregory S"]
[Result "0-1"]
[WhiteElo "2567"]
[BlackElo "2547"]
[PlyCount "66"]
[EventDate "2021.07.26"]
[EventType "match (rapid)"]
[EventRounds "2"]
[EventCountry "USA"]
[SourceTitle "CBM 203 Extra"]
[Source "ChessBase"]
[SourceDate "2021.09.30"]
[SourceVersion "1"]
[SourceVersionDate "2021.09.30"]
[SourceQuality "1"]

1. Nf3 d5 2. d4 Nf6 3. Bf4 c5 4. e3 Nc6 5. Nbd2 Qb6 6. dxc5 Qxb2 7. Rb1 Qc3 8. Bb5 g6 9. Be5 Qxc5 10. Bxf6 exf6 11. c4 Bf5 12. Rc1 dxc4 13. Bxc4 Qe7 14. Bb5 Bd7 15. Rc4 a6 16. Re4 Be6 17. Qa4 Qd7 18. Nd4 f5 19. Nxc6 Rc8 20. Rxe6+ fxe6 21. Qb3 axb5 22. Ne5 Qd5 23. Qxd5 exd5 24. Ke2 Bd6 25. Nef3 Rc2 26. Nd4 Rxa2 27. Rb1 b4 28. Nb5 Kd7 29. Kd3 Rc8 30. Nxd6 Rc3+ 31. Kd4 Rxd2+ 32. Ke5 b3 33. Nxb7 b2 0-1

[Event "USA-ch Seniors"]
[Site "Saint Louis"]
[Date "2021.07.19"]
[Round "4"]
[White "Sokolin, Leonid M"]
[Black "Christiansen, Larry Mark"]
[Result "0-1"]
[WhiteElo "2497"]
[BlackElo "2567"]
[PlyCount "140"]
[EventDate "2021.07.16"]
[EventType "tourn"]
[EventRounds "9"]
[EventCountry "USA"]
[EventCategory "10"]
[SourceTitle "CBM 203 Extra"]
[Source "ChessBase"]
[SourceDate "2021.09.30"]
[SourceVersion "1"]
[SourceVersionDate "2021.09.30"]
[SourceQuality "1"]

1. e4 c5 2. Nf3 Nc6 3. Bb5 g6 4. 0-0 Bg7 5. Re1 e5 6. Bxc6 dxc6 7. d3 Qe7 8. a3 Nf6 9. b4 0-0 10. bxc5 Qxc5 11. a4 Re8 12. h3 h6 13. Ba3 Qa5 14. Nbd2 Be6 15. Qb1 Qc7 16. Qb4 Rad8 17. Reb1 b6 18. Nc4 c5 19. Qb5 Bd7 20. Qb3 Nh5 21. Bc1 Bc6 22. Be3 Kh7 23. a5 b5 24. Ncd2 Bf8 25. Re1 a6 26. Qc3 Bd7 27. Kh2 f5 28. Nb3 Rc8 29. Rad1 f4 30. Bc1 Bg7 31. g4 fxg3+ 32. fxg3 Be6 33. Be3 Rf8 34. Rf1 Nf4 35. Ng1 b4 36. Qb2 Qd6 37. Nxc5 Rxc5 38. Bxc5 Qxc5 39. gxf4 exf4 40. d4 Qxa5 41. e5 Bd5 42. Rb1 Qc7 43. Rbc1 Qc4 44. Rf2 a5 45. Ra1 Qb5 46. Ne2 Bc6 47. c4 Qxc4 48. Rxa5 f3 49. Ng3 Rf4 50. Rc5 Qe6 51. Rxc6 Qxc6 52. Qd2 Rh4 53. d5 Qc4 54. Rxf3 Qg4 55. Qe3 Qxh3+ 56. Kg1 Rc4 57. Ne2 Qg4+ 58. Rg3 Re4 59. Rxg4 Rxe3 60. Rxb4 Rxe2 61. e6 Re5 62. Rb5 g5 63. Rb8 Kg6 64. Rg8 Kh7 65. Rd8 Bf6 66. Rf8 Kg7 67. Rf7+ Kg6 68. Rd7 h5 69. Kg2 g4 70. Kg3 Kg5 0-1

[Event "USA-ch Seniors 50"]
[Site "Saint Louis"]
[Date "2019.07.15"]
[Round "5"]
[White "Shabalov, Alexander"]
[Black "Christiansen, Larry Mark"]
[Result "1/2-1/2"]
[WhiteElo "2500"]
[BlackElo "2574"]
[PlyCount "78"]
[EventDate "2019.07.11"]
[EventType "tourn"]
[EventRounds "9"]
[EventCountry "USA"]
[EventCategory "11"]
[SourceTitle "CBM 191 Extra"]
[Source "ChessBase"]
[SourceDate "2019.09.30"]
[SourceVersion "1"]
[SourceVersionDate "2019.09.30"]
[SourceQuality "1"]

1. e4 d5 2. exd5 Qxd5 3. Nc3 Qd6 4. d4 Nf6 5. Nf3 a6 6. g3 Bg4 7. Bg2 Nc6 8. 0-0 0-0-0 9. Bf4 Qb4 10. d5 e5 11. a3 Qc4 12. Bg5 Bxf3 13. Qxf3 Nd4 14. Qd1 h6 15. Be3 Kb8 16. Qd2 Nf5 17. b3 Qg4 18. Rfe1 Nxe3 19. Qxe3 Bd6 20. Na4 Qd4 21. Qe2 e4 22. c4 Rhe8 23. Rad1 Qe5 24. b4 h5 25. Rb1 h4 26. b5 hxg3 27. hxg3 Nd7 28. bxa6 b6 29. Qc2 Nc5 30. Nxc5 Bxc5 31. Rxe4 Qd6 32. Qd3 Rxe4 33. Bxe4 Ka7 34. a4 f5 35. Bxf5 Rf8 36. Rf1 Qe5 37. Bg4 Rxf2 38. Rxf2 Qe1+ 39. Kg2 Qxf2+ 1/2-1/2

[Event "Las Vegas National op"]
[Site "Las Vegas"]
[Date "2016.06.26"]
[Round "5"]
[White "Christiansen, Larry Mark"]
[Black "Kavutskiy, Konstantin"]
[Result "1-0"]
[WhiteElo "2577"]
[BlackElo "2367"]
[PlyCount "51"]
[EventDate "2016.06.24"]
[EventType "swiss"]
[EventRounds "6"]
[EventCountry "USA"]
[SourceTitle "CBM 173 Extra"]
[Source "ChessBase"]
[SourceDate "2016.08.29"]
[SourceVersion "1"]
[SourceVersionDate "2016.08.29"]
[SourceQuality "1"]

1. e4 c5 2. Nf3 e6 3. b3 b6 4. d4 cxd4 5. Nxd4 a6 6. Bd3 Bb7 7. 0-0 Nc6 8. Nxc6 Bxc6 9. Bb2 Nf6 10. Qe2 Bc5 11. Nd2 0-0 12. Rad1 d5 13. Kh1 a5 14. e5 Nd7 15. f4 g6 16. Qg4 Re8 17. Nf3 Nf8 18. f5 exf5 19. Bxf5 Ra7 20. c4 Bd7 21. Nh4 h5 22. Qg3 Be6 23. cxd5 Rd7 24. dxe6 Rxd1 25. exf7+ Kxf7 26. Bxg6+ 1-0

[Event "Las Vegas National op"]
[Site "Las Vegas"]
[Date "2016.06.26"]
[Round "6"]
[White "Kiewra, Keaton F"]
[Black "Christiansen, Larry Mark"]
[Result "1/2-1/2"]
[WhiteElo "2425"]
[BlackElo "2577"]
[PlyCount "140"]
[EventDate "2016.06.24"]
[EventType "swiss"]
[EventRounds "6"]
[EventCountry "USA"]
[SourceTitle "CBM 173 Extra"]
[Source "ChessBase"]
[SourceDate "2016.08.29"]
[SourceVersion "1"]
[SourceVersionDate "2016.08.29"]
[SourceQuality "1"]

1. d4 Nf6 2. Bg5 g6 3. Bxf6 exf6 4. e3 d6 5. g3 Nd7 6. Bg2 Rb8 7. Ne2 Bg7 8. 0-0 f5 9. c4 a6 10. Nbc3 h5 11. Nf4 h4 12. Ncd5 c6 13. Nc3 0-0 14. b4 hxg3 15. hxg3 Nf6 16. Qd3 Re8 17. b5 axb5 18. cxb5 g5 19. Nfe2 d5 20. a4 Ra8 21. Rfb1 Bf8 22. Qd2 Kg7 23. a5 Rxa5 24. Rxa5 Qxa5 25. e4 Nh7 26. e5 Be6 27. Qd3 Bb4 28. Nd1 Qa3 29. Rb3 Qa4 30. Ne3 Bd2 31. Ra3 Qb4 32. Rb3 Qa4 33. Ra3 Qb4 34. Nc2 Qb1+ 35. Bf1 cxb5 36. Qxd2 Rc8 37. Ne3 b4 38. Ra2 f4 39. gxf4 gxf4 40. Nxf4 Ng5 41. Qe2 Rg8 42. Nxe6+ fxe6 43. Rc2 b3 44. Rc7+ Kh8 45. f4 Nh3+ 46. Kh2 Nxf4 47. Qf2 Qg6 48. Qh4+ Nh5 49. Bg2 Rg7 50. Rxg7 Kxg7 51. Nd1 Qf5 52. Kg1 Nf4 53. Bf3 Ng6 54. Qf2 Qf4 55. Kf1 Qc1 56. Ke1 Nf4 57. Qg3+ Kf8 58. Bxd5 Nxd5 59. Qxb3 b5 60. Qh3 Ke7 61. Qh7+ Kd8 62. Qg8+ Kd7 63. Qf7+ Ne7 64. Qf3 Qc4 65. Qb7+ Ke8 66. Ne3 Qc3+ 67. Ke2 b4 68. Qa8+ Kf7 69. Qf3+ Ke8 70. Qa8+ Kf7 1/2-1/2

[Event "USA-ch"]
[Site "Saint Louis"]
[Date "2013.05.12"]
[Round "9"]
[White "Ramirez Alvarez, Alejandro"]
[Black "Christiansen, Larry Mark"]
[Result "1-0"]
[WhiteElo "2551"]
[BlackElo "2579"]
[PlyCount "79"]
[EventDate "2013.05.03"]
[EventType "swiss"]
[EventRounds "9"]
[EventCountry "USA"]
[SourceTitle "CBM 154 Extra"]
[Source "ChessBase"]
[SourceDate "2013.06.25"]
[SourceVersion "2"]
[SourceVersionDate "2013.06.25"]
[SourceQuality "1"]

1. Nf3 c5 2. c4 Nc6 3. Nc3 e5 4. g3 g6 5. Bg2 Bg7 6. a3 Nge7 7. Rb1 0-0 8. 0-0 a5 9. Ne1 d6 10. Nc2 a4 11. Ne3 Nd4 12. d3 h6 13. Re1 Qa5 14. Ned5 Nxd5 15. Bxd5 Kh7 16. Be3 Nb3 17. Ne4 Qb6 18. Nd2 f5 19. Nxb3 axb3 20. Bd2 Bd7 21. e3 Rae8 22. Bc3 Re7 23. a4 Bxa4 24. Ra1 Ra8 25. e4 f4 26. gxf4 exf4 27. Bxg7 Kxg7 28. Qf3 Re5 29. Qxf4 Rf8 30. Qe3 Bc6 31. f4 Rh5 32. Qg3 Bxd5 33. exd5 Rhf5 34. Re6 R8f6 35. Ra8 Rxe6 36. dxe6 Qc7 37. Re8 d5 38. e7 Kf7 39. Rh8 Kxe7 40. Qxg6 1-0

[Event "USA-ch"]
[Site "Saint Louis"]
[Date "2013.05.03"]
[Round "1"]
[White "Christiansen, Larry Mark"]
[Black "Norowitz, Yaacov"]
[Result "1-0"]
[WhiteElo "2579"]
[BlackElo "2451"]
[PlyCount "97"]
[EventDate "2013.05.03"]
[EventType "swiss"]
[EventRounds "9"]
[EventCountry "USA"]
[SourceTitle "CBM 154 Extra"]
[Source "ChessBase"]
[SourceDate "2013.06.25"]
[SourceVersion "2"]
[SourceVersionDate "2013.06.25"]
[SourceQuality "1"]

1. e4 c6 2. d4 d5 3. Nc3 dxe4 4. Nxe4 Nf6 5. Nxf6+ gxf6 6. Nf3 Bg4 7. Be2 e6 8. 0-0 Qc7 9. Nh4 Bxe2 10. Qxe2 Nd7 11. c4 0-0-0 12. Rd1 c5 13. d5 Ne5 14. Bf4 Bd6 15. dxe6 fxe6 16. Bxe5 fxe5 17. g3 Qf7 18. Rd2 Rhf8 19. Kg2 Rd7 20. Rad1 Rfd8 21. Qe4 Kc7 22. Rd3 Qh5 23. Rb3 b6 24. Ra3 a5 25. Rad3 Rg7 26. h3 Rf7 27. R1d2 Rfd7 28. a4 Rf7 29. Rf3 Rfd7 30. Rfd3 Rf7 31. b3 Rfd7 32. Nf3 Qf5 33. Re2 Rf7 34. Rde3 Rdf8 35. Qxf5 exf5 36. Nxe5 Rg7 37. f4 h5 38. h4 Rfg8 39. Rd3 Re8 40. Rde3 Rge7 41. Kf3 Re6 42. Rd3 Bxe5 43. Rxe5 Rxe5 44. fxe5 Rxe5 45. Kf4 Re4+ 46. Kg5 Rd4 47. Re3 Kd6 48. Kxf5 Kd7 49. Kg5 1-0

[Event "USA-ch Gr-B"]
[Site "Saint Louis"]
[Date "2011.04.19"]
[Round "5"]
[White "Onischuk, Alexander"]
[Black "Christiansen, Larry Mark"]
[Result "1-0"]
[WhiteElo "2678"]
[BlackElo "2586"]
[PlyCount "85"]
[EventDate "2011.04.15"]
[EventType "tourn"]
[EventRounds "7"]
[EventCountry "USA"]
[EventCategory "14"]
[SourceTitle "CBM 142"]
[Source "ChessBase"]
[SourceDate "2011.05.17"]
[SourceVersion "1"]
[SourceVersionDate "2011.05.17"]
[SourceQuality "1"]

1. d4 Nf6 2. c4 e6 3. Nc3 Bb4 4. Nf3 c5 5. g3 cxd4 6. Nxd4 0-0 7. Bg2 d5 8. cxd5 Nxd5 9. Qb3 Nc6 10. Nxc6 bxc6 11. 0-0 Rb8 12. Na4 Ba6 13. Qc2 Bb5 14. Bf3 Qe7 15. Nc3 Qc5 16. Bd2 Nxc3 17. bxc3 Ba5 18. Rfc1 Bb6 19. Be3 Qa3 20. Qb3 Qa6 21. c4 Ba4 22. Qa3 Bxe3 23. Qxe3 Rb4 24. Be4 g6 25. h4 Qb6 26. c5 Qc7 27. Rab1 Rfb8 28. Rxb4 Rxb4 29. Bd3 Qd8 30. Qe5 h5 31. a3 Qd4 32. Qc7 Rb3 33. Rc4 Rb1+ 34. Kg2 Qd5+ 35. f3 Bb5 36. Rf4 e5 37. Rxf7 Qxf7 38. Qc8+ Kg7 39. Bxb1 Qe7 40. Be4 Qxc5 41. Qd7+ Kf6 42. g4 hxg4 43. fxg4 1-0

[Event "USA tt qf"]
[Site "ICC INT"]
[Date "2010.11.01"]
[Round "1"]
[White "Erenburg, Sergey"]
[Black "Christiansen, Larry Mark"]
[Result "1-0"]
[WhiteElo "2600"]
[BlackElo "2585"]
[PlyCount "99"]
[EventDate "2010.11.01"]
[EventType "team-match"]
[EventRounds "1"]
[EventCountry "USA"]
[SourceTitle "EXT 2011"]
[Source "ChessBase"]
[SourceDate "2010.11.26"]
[SourceVersion "1"]
[SourceVersionDate "2010.11.26"]
[SourceQuality "1"]
[WhiteTeam "Baltimore"]
[BlackTeam "Boston"]
[WhiteTeamCountry "USA"]
[BlackTeamCountry "USA"]

1. e4 c5 2. Nf3 d6 3. d4 cxd4 4. Nxd4 Nf6 5. Nc3 a6 6. Be3 e6 7. f3 b5 8. Qd2 Nbd7 9. g4 h6 10. 0-0-0 Bb7 11. h4 Ne5 12. Rg1 Qa5 13. g5 hxg5 14. hxg5 b4 15. Nb1 Nxf3 16. Nxf3 Nxe4 17. Qd4 Rc8 18. Qb6 Qxb6 19. Bxb6 Be7 20. Nbd2 g6 21. Re1 Nc5 22. Kb1 Bd8 23. Bxd8 Kxd8 24. Rg4 a5 25. Bg2 Ke7 26. Nc4 Ra8 27. Nd4 d5 28. Ne5 Nd7 29. Nxf7 Kxf7 30. Rf4+ Ke7 31. Rxe6+ Kd8 32. Rxg6 Re8 33. Rf1 Ra6 34. Rg7 Re3 35. Nf5 Re5 36. Nh6 Re2 37. Bh3 Bc8 38. Bg4 Re3 39. Kc1 a4 40. Rg8+ Kc7 41. g6 b3 42. a3 Rg3 43. g7 Rg6 44. cxb3 axb3 45. Rf7 Rc6+ 46. Kd1 Rg1+ 47. Kd2 Rc2+ 48. Ke3 Re1+ 49. Kf4 Rf2+ 50. Kg5 1-0

[Event "USA tt"]
[Site "ICC INT"]
[Date "2010.10.18"]
[Round "9"]
[White "Erenburg, Sergey"]
[Black "Christiansen, Larry Mark"]
[Result "1/2-1/2"]
[WhiteElo "2600"]
[BlackElo "2585"]
[PlyCount "84"]
[EventDate "2010.08.23"]
[EventType "team"]
[EventRounds "10"]
[EventCountry "USA"]
[SourceTitle "CBM 138 Extra"]
[Source "ChessBase"]
[SourceDate "2010.10.29"]
[SourceVersion "1"]
[SourceVersionDate "2010.10.29"]
[SourceQuality "1"]

1. e4 e5 2. Nf3 d6 3. d4 exd4 4. Nxd4 Nf6 5. Nc3 Be7 6. g3 d5 7. e5 Ne4 8. Bg2 Nxc3 9. bxc3 Nc6 10. f4 Nxd4 11. cxd4 Be6 12. Rb1 b6 13. 0-0 Qd7 14. Qf3 g6 15. Ba3 h5 16. Bxe7 Qxe7 17. c4 Rd8 18. cxd5 Bxd5 19. Qc3 Bxg2 20. Kxg2 Qe6 21. Rbc1 0-0 22. Rf2 Qd5+ 23. Qf3 c5 24. dxc5 bxc5 25. Rc3 f6 26. exf6 Rxf6 27. Rfc2 Rc6 28. Ra3 a6 29. Re3 Kf7 30. Re5 Qxf3+ 31. Kxf3 Rd3+ 32. Ke4 Rd4+ 33. Ke3 Ra4 34. Kf3 Kf6 35. Re4 Ra3+ 36. Re3 Ra4 37. Rec3 Ke6 38. Rxc5 Rxc5 39. Rxc5 Rxa2 40. Rc6+ Kf5 41. Rc5+ Kf6 42. Rc6+ Kf5 1/2-1/2

[Event "USA tt"]
[Site "ICC INT"]
[Date "2010.08.30"]
[Round "2"]
[White "Christiansen, Larry Mark"]
[Black "Panchanathan, Magesh Chandran"]
[Result "1/2-1/2"]
[WhiteElo "2585"]
[BlackElo "2533"]
[PlyCount "143"]
[EventDate "2010.08.23"]
[EventType "team"]
[EventRounds "10"]
[EventCountry "USA"]
[SourceTitle "CBM 138 Extra"]
[Source "ChessBase"]
[SourceDate "2010.10.29"]
[SourceVersion "1"]
[SourceVersionDate "2010.10.29"]
[SourceQuality "1"]

1. d4 Nf6 2. c4 e6 3. Nf3 b6 4. g3 Ba6 5. Qc2 Bb7 6. Bg2 c5 7. d5 exd5 8. cxd5 Nxd5 9. 0-0 Be7 10. Rd1 0-0 11. Qf5 Nf6 12. Nc3 d5 13. Ng5 Qc8 14. Nxd5 Bxd5 15. Rxd5 Nc6 16. Qxc8 Raxc8 17. Rd1 Nd4 18. Kf1 Rcd8 19. Bd2 Rfe8 20. e3 Nc2 21. Rac1 Nb4 22. Bxb4 Rxd1+ 23. Rxd1 cxb4 24. Nf3 Bc5 25. Ke2 g6 26. Nd4 a5 27. Bf3 Rd8 28. Rd3 Bf8 29. Rd2 h5 30. Rc2 Kg7 31. h3 Bc5 32. Nb3 Be7 33. Rc6 Rd6 34. Rc7 Rd7 35. Rc4 a4 36. Nd4 Bc5 37. Nc2 b3 38. axb3 axb3 39. Na1 Ra7 40. Nxb3 Ra2 41. Nxc5 Rxb2+ 42. Kf1 bxc5 43. Rxc5 Rb1+ 44. Kg2 Rb2 45. Ra5 Rd2 46. Bc6 Rd6 47. Bf3 Rd7 48. e4 Re7 49. Ra4 Re8 50. Rd4 Re7 51. h4 Nd7 52. Be2 Ne5 53. Ra4 Rc7 54. Ra2 Rb7 55. f3 f6 56. Kf2 Kh6 57. Ra3 Rb1 58. Ra6 Kg7 59. Ra7+ Kf8 60. Ra3 Rc1 61. Ke3 Nc4+ 62. Bxc4 Rxc4 63. Ra8+ Kg7 64. Ra7+ Kg8 65. Rd7 Ra4 66. Kf4 Ra5 67. g4 hxg4 68. Kxg4 f5+ 69. Kf4 fxe4 70. fxe4 Rh5 71. e5 Kf8 72. e6 1/2-1/2

[Event "USA-ch"]
[Site "Saint Louis"]
[Date "2010.05.22"]
[Round "8"]
[White "Stripunsky, Alexander"]
[Black "Christiansen, Larry Mark"]
[Result "1-0"]
[WhiteElo "2570"]
[BlackElo "2578"]
[PlyCount "103"]
[EventDate "2010.05.14"]
[EventType "swiss"]
[EventRounds "9"]
[EventCountry "USA"]
[SourceTitle "CBM 137"]
[Source "ChessBase"]
[SourceDate "2010.07.15"]
[SourceVersion "1"]
[SourceVersionDate "2010.07.15"]
[SourceQuality "1"]

1. e4 c5 2. c3 d5 3. exd5 Qxd5 4. d4 Nf6 5. Nf3 Bg4 6. Be2 e6 7. h3 Bh5 8. c4 Qd7 9. g4 Bg6 10. d5 Bd6 11. Nc3 0-0 12. Be3 Na6 13. Nh4 exd5 14. Nxg6 hxg6 15. cxd5 Qe7 16. Kf1 Nc7 17. h4 b5 18. g5 Nh5 19. Bf3 Rad8 20. Kg2 Qe5 21. a4 a6 22. axb5 axb5 23. Qd2 Rfe8 24. Ne2 Ra8 25. Rxa8 Rxa8 26. Qc3 Qf5 27. Rd1 Ra4 28. Ng3 Rg4 29. Qd3 Rxg3+ 30. fxg3 Qe5 31. Bf2 Nxg3 32. Qe3 Qxe3 33. Bxe3 Nf5 34. Bf2 f6 35. Be4 Ne7 36. Bg3 Ne8 37. Ra1 Bxg3 38. Kxg3 Nd6 39. Kf4 f5 40. Bf3 Nec8 41. Ra6 c4 42. Ke5 b4 43. Bd1 Nf7+ 44. Ke6 f4 45. Ra8 Nfd6 46. Ke5 Kh7 47. Kxf4 c3 48. bxc3 Nb6 49. Ra6 Nxd5+ 50. Ke5 Ne3 51. Rxd6 bxc3 52. Bb3 1-0

[Event "USA-ch"]
[Site "Saint Louis"]
[Date "2010.05.14"]
[Round "1"]
[White "Christiansen, Larry Mark"]
[Black "Gurevich, Dmitry"]
[Result "1-0"]
[WhiteElo "2578"]
[BlackElo "2488"]
[PlyCount "75"]
[EventDate "2010.05.14"]
[EventType "swiss"]
[EventRounds "9"]
[EventCountry "USA"]
[SourceTitle "CBM 137"]
[Source "ChessBase"]
[SourceDate "2010.07.15"]
[SourceVersion "1"]
[SourceVersionDate "2010.07.15"]
[SourceQuality "1"]

1. e4 c5 2. Nf3 d6 3. d4 cxd4 4. Nxd4 Nf6 5. Nc3 Nc6 6. Bg5 Qb6 7. Nb3 e6 8. Qe2 a6 9. 0-0-0 Be7 10. g4 Qc7 11. Be3 b5 12. f4 b4 13. Na4 Rb8 14. Bg2 Na5 15. g5 Nd7 16. Nxa5 Qxa5 17. b3 Bb7 18. Kb1 Bc6 19. Nb2 Bb5 20. Qf2 Qc7 21. h4 Rc8 22. Rd2 a5 23. h5 a4 24. bxa4 Ba6 25. Bf1 Bxf1 26. Qxf1 Qb7 27. Qg2 Nc5 28. Bxc5 Rxc5 29. Rf1 0-0 30. f5 Re8 31. Qg4 exf5 32. exf5 Bf8 33. g6 Re4 34. Qg2 hxg6 35. hxg6 fxg6 36. fxg6 Rf5 37. Qh3 Rxf1+ 38. Rd1 1-0

[Event "USA-ch"]
[Site "Saint Louis"]
[Date "2009.05.14"]
[Round "7"]
[White "Eckert, Doug D"]
[Black "Christiansen, Larry Mark"]
[Result "0-1"]
[WhiteElo "2275"]
[BlackElo "2588"]
[PlyCount "92"]
[EventDate "2009.05.08"]
[EventType "swiss"]
[EventRounds "9"]
[EventCountry "USA"]
[SourceTitle "CBM 130"]
[Source "ChessBase"]
[SourceDate "2009.05.20"]
[SourceVersion "1"]
[SourceVersionDate "2009.05.20"]
[SourceQuality "1"]

1. d4 e6 2. g3 c5 3. Nf3 cxd4 4. Nxd4 Qc7 5. Bg2 a6 6. 0-0 Nf6 7. e4 Nc6 8. Nc3 Bc5 9. Nb3 Be7 10. a4 Rb8 11. Qe2 d6 12. Qc4 0-0 13. a5 Nd7 14. Na4 b5 15. axb6 Nxb6 16. Qc3 Qd7 17. Nxb6 Rxb6 18. Be3 Bf6 19. Qd2 Rb5 20. Rab1 Bb7 21. Rfd1 Rd8 22. Nc5 Qc7 23. Nxb7 Rxb7 24. b3 Rbb8 25. g4 h6 26. g5 hxg5 27. Bxg5 Bxg5 28. Qxg5 Rb5 29. Qf4 Ne7 30. c4 Rc5 31. Rd3 Ng6 32. Qd2 e5 33. Rd1 Rc6 34. c5 Rxc5 35. Rxd6 Rxd6 36. Qxd6 Qxd6 37. Rxd6 a5 38. Rd8+ Kh7 39. Rd5 Rc1+ 40. Bf1 Ra1 41. f3 Ra2 42. Rd7 f6 43. Bh3 Nh4 44. Bg4 Kh6 45. Ra7 g6 46. b4 Rg2+ 0-1